000 00625cam a2200229Ia 4500
999 _c7545
_d7545
001 31553
003 GBCCL
005 20241126110631.0
008 850814s1942 ilu 000 0 eng d
035 _a(OCoLC)12386428
040 _aTWH
_cTWH
049 _aLBBK
082 _a266
_bGOF
092 _a266.351
_bG612b
100 1 _aGoforth, Jonathan,
_d1859-1936.
_910580
245 1 0 _aBy my spirit /
_cby Jonathan Goforth ; foreword by Rosalind Goforth.
250 _aNew American ed.
260 _aMinneapolis :
_bBethany,
_c1964, 1942.
300 _a138 p. ;
_c20 cm.
650 0 _aMissions
_zChina.
_91203
942 _2ddc
_cBK